| 000 | 00922cam a22003131 4500 | ||
|---|---|---|---|
| 001 | 4954 | ||
| 003 | BD-RjUL | ||
| 005 | 20211208234001.0 | ||
| 008 | 131223s1946 ii a 000 0 eng | ||
| 035 | _a(BD-RjUL)4990 | ||
| 035 | _a(OCoLC)17684415 | ||
| 040 |
_aDLC _cMiEM _dDLC _beng |
||
| 041 | _aeng | ||
| 082 |
_a331.763 _bADL 1946 |
||
| 100 |
_a Adarkar. B.P. _915605 |
||
| 110 | 1 |
_aIndia. _bLabour Investigation Committee. _99638 |
|
| 245 | 0 | 0 |
_aReport on labour conditions in the rice mills / _c B.P. Adarkar. |
| 260 |
_aDelhi : _bManager of Publications, _c1946. |
||
| 300 |
_avi, 73 p. _btables. _c25 cm. |
||
| 500 | _aCover title. | ||
| 500 | _aAt head of title: DL.116. 950. | ||
| 526 | _bEconomics | ||
| 650 | 0 |
_aRice workers _zIndia. _915606 |
|
| 650 | 0 |
_aRice _zIndia. _915607 |
|
| 700 | 1 |
_aAdarkar, Bhalchandra Pundlik. _915608 |
|
| 942 |
_2ddc _cBK |
||
| 999 |
_c4954 _d4954 |
||